000 00713nam a22002057a 4500
008 090115t xxu||||| |||| 00| 0 eng d
010 _aENG-92534
020 _c280.00
035 _aEN-76067
037 _bDBAD / PUB
040 _adpl
_bEnglish
082 _a510
100 _aKumbhojkar, G. V.
245 _aApplied mathematics-III:
_cby G.V. Kumbhojkar
_b(computer and information technology) /
260 _aMumbai
_bC. Jamnadas
_c2007-08
300 _aVarious pagings
_c22cm (pbk)
650 _aMathematics.
942 _2ddc
_cEN
_mKUM
_h510
999 _c21054
_d21054